Die größten Städte pro Bundesland - Buchstabe V - Statistiken

Allgemein
  • Dieses Quiz wurde 110 mal gespielt
  • Das Durchschnittsergebnis liegt bei 7 aus 33
Antwortstatistiken
Bundesland Einwohnerzahl Stadt % Korrekt
Schleswig-Holstein 2.243 Viöl
83%
Baden-Württemberg 86.475 Villingen-Schwenningen
81%
Nordrhein-Westfalen 77.523 Viersen
71%
Niedersachsen 33.309 Vechta
66%
Saarland 39.428 Völklingen
65%
Nordrhein-Westfalen 35.889 Voerde (Niederrhein)
56%
Nordrhein-Westfalen 81.593 Velbert
50%
Niedersachsen 27.782 Verden (Aller)
42%
Hessen 34.189 Viernheim
34%
Baden-Württemberg 29.154 Vaihingen (Enz)
31%
Bayern 17.240 Vilshofen (Donau)
19%
Niedersachsen 23.957 Varel
16%
Brandenburg 12.405 Velten
9%
Bayern 13.800 Vöhringen
9%
Bayern 25.023 Vaterstetten
8%
Thüringen 4.966 Vacha
7%
Hessen 6.736 Volkmarsen
7%
Rheinland-Pfalz 8.808 Vallendar
6%
Hessen 18.166 Vellmar
6%
Brandenburg 7.819 Vetschau (Spreewald)
3%
Sachsen-Anhalt 1.227 Völpke
3%
Mecklenburg-Vorpommern 1.700 Velgast
2%
Sachsen 1.649 Vierkirchen
2%
Schleswig-Holstein 1.254 Vaale
1%
Thüringen 2.721 Veilsdorf
1%
Rheinland-Pfalz 3.592 Vettelschoß
1%
Brandenburg 1.500 Vierlinden
1%
Mecklenburg-Vorpommern 2.771 Vellahn
0%
Mecklenburg-Vorpommern 1.289 Vielank
0%
Rheinland-Pfalz 1.670 Vinningen
0%
Thüringen 4.261 Vogtei
0%
Baden-Württemberg 6.164 Vogtsburg (Kaiserstuhl)
0%
Schleswig-Holstein 345 Volsemenhusen
0%
Keine übereinstimmenden Quizze gefunden
Verteilung der Resultate
Anzahl Personen mit jedem Resultat
Perzentil nach korrekt beantworteten Fragen
Ihre Resultats-Entwicklung
Sie haben dieses Quiz noch nicht gespielt